Family Guy Quotes Quiz Stats

 Plays Quiz not verified by Sporcle

Challenge
Share
Tweet
Embed
Score 0/15 Timer 05:00
0 Plays Today
Quote Character % Correct
Did you hear that Meg? Guys can marry other guys now. So...this is awkward, but I mean, if they can do that, that is pretty much it for you, isn't it? I mean you as well pack it inStewie Griffin
82.4%
Uh, there's a half-dead-fat-man eating a dead-fat-man...am I the only one who realized? Oh, okay... Stewie Griffin
82.3%
Woah woah woah woah woah woah woah woah woah woah woah woah...lois this isn't my batman glassPeter Griffin
79.4%
(Lawyer): Sarah has decided to press sexual harrasssment charges against you (speaker 2) Sarah...Is that the one we video taped taking a dump? .Peter Griffin
74.7%
Do these huggies make my ass look big?Stewie Griffin
74.7%
I've got an idea-an idea thats so smart that my head would explode if I even began to know what I am talking about.Peter Griffin
71.7%
Okay everybody, for my next miracle, I'm going to turn water...into funk! Jesus
67.1%
Im not going to call an ambulence this time because if i do you won't learn anythingBrian Griffin
64.6%
Quote Character % Correct
I'm so hungry I could ride a horse. I don't get it. Well, I could ride it to the store, I guess. Chris Griffin
61.8%
... because if we never teach our kids to read, how will they ever know what's on TV?Peter Griffin
60.5%
Fat chicks need love too...they just have to PAY! Glen Quagmire
53%
LET'S GET IT ON!!!Joe Swanson
51.4%
We met on the Internet. He lured me into the car with promises of candy and funny stories. Stewie Griffin
51.1%
See?! This is why I don't like shopping! I have no butt! I'm MINUS A BUTT!! Death
39.5%
Diane, I'm standing outside the Park Barrington Hotel because they don't allow Asians insideTricia Takanawa
38.2%

You're not logged in!

Compare scores with friends on all Sporcle quizzes.
OR
Log In

You Might Also Like...

Show Comments

Extras

Top Quizzes Today


Score Distribution

Your Account Isn't Verified!

In order to create a playlist on Sporcle, you need to verify the email address you used during registration. Go to your Sporcle Settings to finish the process.

Report this User

Report this user for behavior that violates our Community Guidelines.

Details: